[Event "VIII Festival Marco Gerolamo Vida A"]
[Site "Cremona ITA"]
[Date "2009.04.25"]
[Round "3"]
[White "Paulmichl, Martin"]
[Black "Salami, Marco"]
[Result "1/2-1/2"]
[WhiteElo "2068"]
[BlackElo "2165"]
[PlyCount "148"]
[EventDate "2009.04.24"]

1. d4 d5 2. Bg5 Nc6 3. e3 f6 4. Bh4 Nh6 5. c4 Nf5 6. Bg3 dxc4 7. Bxc4 e5 8. d5
Nb8 9. Nc3 g6 10. Nge2 Bg7 11. e4 Nd6 12. Bd3 Nd7 13. O-O O-O 14. f4 exf4 15.
Bxf4 Ne5 16. h3 Qe8 17. Rc1 Bd7 18. Nd4 a6 19. Bb1 Kh8 20. b3 Rc8 21. Na4 b6
22. Nb2 f5 23. exf5 Nxf5 24. Nxf5 Bxf5 25. Bxe5 Qxe5 26. Nc4 Qd4+ 27. Qxd4
Bxd4+ 28. Kh1 Bxb1 29. Rxb1 Kg7 30. Rbd1 Rxf1+ 31. Rxf1 Rd8 32. Re1 Kf6 33.
Rf1+ Kg5 34. Rf7 Rxd5 35. Rxh7 Bf2 36. Kh2 b5 37. Na5 Rd2 38. Nc6 Bc5 39. a4
Bd6+ 40. Kg1 Bg3 41. Rf7 Rb2 42. Nd4 bxa4 43. bxa4 Ra2 44. Rf3 Ra1+ 45. Rf1
Rxa4 46. Ne6+ Kh6 47. Rc1 c6 48. Kf1 Re4 49. Nc5 Rf4+ 50. Ke2 Rf2+ 51. Ke3 Rf5
52. Rc2 Bf2+ 53. Rxf2 Rxc5 54. Rf7 Kg5 55. Ra7 a5 56. Ra6 Re5+ 57. Kf3 Rc5 58.
g3 Kf5 59. Ra8 Rc3+ 60. Kf2 Rc5 61. Kf3 g5 62. Ra6 Ke5 63. Kg4 Kd4 64. h4 gxh4
65. gxh4 Kc4 66. h5 Kb5 67. Ra8 Rc1 68. h6 Rh1 69. Kg5 a4 70. Rb8+ Kc4 71. Ra8
Kb3 72. Rb8+ Kc4 73. Ra8 Kb4 74. Rb8+ Kc4 1/2-1/2

[Event "C.to Regionale Piemonte"]
[Site "Torino ITA"]
[Date "2009.04.29"]
[Round "1"]
[White "Longo, Luigi"]
[Black "Molina, Fabrizio"]
[Result "0-1"]
[WhiteElo "1931"]
[BlackElo "2240"]
[PlyCount "51"]
[EventDate "2009.04.29"]

1. d4 d5 2. Nf3 Nf6 3. c3 g6 4. Bg5 Bg7 5. Nbd2 O-O 6. e3 c5 7. Bd3 Nc6 8. a3
Qb6 9. b4 cxd4 10. cxd4 e5 11. b5 Nxd4 12. Nxe5 Re8 13. exd4 Qxd4 14. Ndf3
Rxe5+ 15. Kf1 Qg4 16. Bxf6 Bxf6 17. Nxe5 Qd4 18. f4 Qxf4+ 19. Nf3 Bg4 20. Rb1
Re8 21. Qd2 Re3 22. Rb4 Rxf3+ 23. Ke1 Bh4+ 24. g3 Bxg3+ 25. hxg3 Qxg3+ 26. Kd1
0-1

[Event "C.to Regionale Piemonte"]
[Site "Torino ITA"]
[Date "2009.04.29"]
[Round "1"]
[White "Pulito, Alberto"]
[Black "Razzano, Lorenzo"]
[Result "1/2-1/2"]
[WhiteElo "2256"]
[BlackElo "1935"]
[PlyCount "138"]
[EventDate "2009.04.29"]

1. e4 Nc6 2. Nf3 e5 3. Bc4 Nf6 4. d3 Be7 5. O-O d6 6. c3 O-O 7. Bb3 h6 8. Nbd2
Be6 9. Re1 Bxb3 10. axb3 Nh7 11. b4 a6 12. Nf1 Bg5 13. Bxg5 Nxg5 14. Ne3 Ne6
15. Nf5 Ne7 16. d4 exd4 17. N3xd4 Nxd4 18. Nxd4 Ng6 19. g3 Re8 20. f4 d5 21. e5
Qd7 22. Qh5 Kh7 23. Re2 Nf8 24. Qf3 Ne6 25. Rae1 g6 26. Rf1 Ng7 27. Kg2 c6 28.
h4 a5 29. h5 Nf5 30. Qd3 Nxd4 31. hxg6+ fxg6 32. cxd4 Qf5 33. Qf3 h5 34. b5 Kg7
35. Rfe1 Re6 36. Rh1 a4 37. Rh4 Rh8 38. Rf2 Ree8 39. Re2 Re6 40. bxc6 bxc6 41.
Qa3 Rb8 42. Qxa4 Rb5 43. Qa7+ Kh6 44. Qa8 Kg7 45. Qa7+ Kh6 46. Qa3 Re8 47. Qe3
Kg7 48. e6 Kf6 49. e7 Rb7 50. Qe5+ Qxe5 51. dxe5+ Kf5 52. Rh1 Rexe7 53. Rc1 Re6
54. Kf3 Rb3+ 55. Rc3 Rxc3+ 56. bxc3 g5 57. Ra2 gxf4 58. gxf4 Rh6 59. Rg2 Rg6
60. Rh2 Rh6 61. Rh4 Ke6 62. Ke3 Kf5 63. Kd4 Re6 64. Rxh5+ Kxf4 65. Rh8 c5+ 66.
Kxc5 Rxe5 67. Rh4+ Kf5 68. Rh5+ Ke4 69. Rh1 d4+ 1/2-1/2

[Event "C.to Regionale Piemonte"]
[Site "Torino ITA"]
[Date "2009.04.30"]
[Round "2"]
[White "Cacinschi, Alexandru"]
[Black "Gallucci, Alessio"]
[Result "0-1"]
[WhiteElo "1949"]
[BlackElo "2240"]
[PlyCount "82"]
[EventDate "2009.04.29"]

1. e4 c5 2. Nf3 d6 3. d4 cxd4 4. Nxd4 Nf6 5. Nc3 g6 6. Be2 Bg7 7. Be3 Nc6 8.
O-O O-O 9. Nb3 Be6 10. f4 a5 11. a4 Rc8 12. f5 Bd7 13. g4 Ne5 14. g5 Rxc3 15.
bxc3 Nxe4 16. fxg6 Nxg6 17. Bf3 Nxc3 18. Qd2 Ne5 19. Bd4 Nxf3+ 20. Rxf3 Ne4 21.
Qe3 e5 22. Bb6 Qc8 23. Nxa5 Bg4 24. Rff1 Nc3 25. Ba7 Nd5 26. Qb3 Nf4 27. Nxb7
Nh3+ 28. Kg2 Nxg5 29. Nxd6 Qc6+ 30. Kg3 Be6 31. Qe3 h6 32. Bc5 f5 33. Kf2 f4
34. Qa3 e4 35. Rab1 e3+ 36. Ke1 Nf3+ 37. Ke2 Nd4+ 38. Kd3 Qd5 39. c4 Bf5+ 40.
Kc3 Ne6+ 41. Kb3 Nxc5+ 0-1

[Event "C.to Regionale Piemonte"]
[Site "Torino ITA"]
[Date "2009.04.30"]
[Round "2"]
[White "Molina, Fabrizio"]
[Black "Davi, Alessandro"]
[Result "1-0"]
[WhiteElo "2240"]
[BlackElo "2039"]
[PlyCount "143"]
[EventDate "2009.04.29"]

1. Nf3 Nf6 2. c4 d5 3. cxd5 Nxd5 4. e4 Nb6 5. d4 g6 6. Be2 Bg7 7. Nc3 Bg4 8.
Be3 O-O 9. O-O Bxf3 10. Bxf3 Nc6 11. d5 Ne5 12. Be2 Nec4 13. Bf4 c6 14. Qb3
cxd5 15. exd5 Rc8 16. Rac1 Qd7 17. Nb5 e5 18. dxe6 Qxe6 19. Rfe1 Qf6 20. Qg3
Nxb2 21. Nxa7 Ra8 22. Nb5 Rxa2 23. Bf1 Ra4 24. Be5 Qf5 25. Qc3 Bxe5 26. Rxe5
Qf6 27. Qxb2 Re4 28. f4 Rxf4 29. Re2 Qg5 30. Ree1 Nd5 31. Nd6 b6 32. Ne4 Qf5
33. Bd3 Qg4 34. Qe5 Rf5 35. Qxd5 Rxd5 36. Nf6+ Kg7 37. Nxg4 Rxd3 38. Rb1 Rd6
39. Rb5 Rc8 40. Reb1 Rd4 41. Ne3 Re8 42. Nf1 Re2 43. Rxb6 Rg4 44. Ng3 Ra2 45.
Rb7 h5 46. R1b2 Ra1+ 47. Kf2 h4 48. Ne2 Ra3 49. Re7 Rg5 50. Nd4 Ra6 51. Nf3 Rf5
52. Re5 Rf4 53. Ke3 Raa4 54. Rd2 Rfb4 55. Rd4 Rb3+ 56. Ke2 Ra2+ 57. Rd2 Ra4 58.
Red5 Rg4 59. Kf2 Rbb4 60. R5d4 Rbxd4 61. Rxd4 Rxd4 62. Nxd4 Kf6 63. Kf3 Kg5 64.
Nc6 f5 65. Ke3 Kg4 66. Ne5+ Kg5 67. h3 Kf6 68. Kd4 g5 69. Nf3 g4 70. hxg4 fxg4
71. Nxh4 Kg5 72. g3 1-0

[Event "C.to Regionale Piemonte"]
[Site "Torino ITA"]
[Date "2009.05.01"]
[Round "3"]
[White "Corgnati, Maurizio"]
[Black "Banchio, Davide"]
[Result "1/2-1/2"]
[WhiteElo "2167"]
[BlackElo "1937"]
[PlyCount "56"]
[EventDate "2009.04.29"]

1. e4 c5 2. Ne2 Nc6 3. d4 cxd4 4. Nxd4 Nf6 5. Nc3 d6 6. Bg5 e6 7. Qd2 Be7 8.
O-O-O a6 9. Nb3 Qc7 10. Bxf6 gxf6 11. f4 Bd7 12. Be2 b5 13. f5 Ne5 14. fxe6
Bxe6 15. Nd5 Bxd5 16. Qxd5 Rc8 17. Nd4 Rg8 18. g3 Rg5 19. Qb3 Nd7 20. Kb1 Nc5
21. Qf3 Re5 22. Bd3 Na4 23. Rhe1 Nxb2 24. Kxb2 Qc3+ 25. Kb1 Qxd4 26. Bf1 Qb4+
27. Qb3 Rxe4 28. Bg2 Qxb3+ 1/2-1/2

[Event "C.to Regionale Piemonte"]
[Site "Torino ITA"]
[Date "2009.05.01"]
[Round "3"]
[White "Faraoni, Enrico"]
[Black "Molina, Fabrizio"]
[Result "1/2-1/2"]
[WhiteElo "2085"]
[BlackElo "2240"]
[PlyCount "45"]
[EventDate "2009.04.29"]

1. g4 d5 2. h3 e5 3. Bg2 h5 4. g5 Nc6 5. c4 dxc4 6. g6 Be6 7. Qa4 Qd7 8. gxf7+
Bxf7 9. Bxc6 Qxc6 10. Qxc6+ bxc6 11. Nf3 Bd5 12. Rg1 Bxf3 13. exf3 Nf6 14. Na3
Bxa3 15. bxa3 O-O-O 16. Rxg7 Rd3 17. Bb2 Rxf3 18. Rc1 Nd5 19. Rxc4 Rhf8 20.
Rxc6 Rxf2 21. Bxe5 Rf1+ 22. Ke2 R8f7 23. Rxf7 1/2-1/2

[Event "C.to Regionale Piemonte"]
[Site "Torino ITA"]
[Date "2009.05.01"]
[Round "4"]
[White "Laurenti, Stefano"]
[Black "Cavaliere, Simone"]
[Result "1-0"]
[WhiteElo "2047"]
[BlackElo "1866"]
[PlyCount "144"]
[EventDate "2009.04.29"]

1. e4 c5 2. Nc3 Nc6 3. f4 g6 4. Nf3 Bg7 5. Bb5 e6 6. Bxc6 bxc6 7. d3 Rb8 8. O-O
Ne7 9. Qe1 d5 10. Kh1 O-O 11. b3 Ba6 12. e5 Qa5 13. Nxd5 Qd8 14. Nxe7+ Qxe7 15.
Ba3 Rb4 16. c4 Rd8 17. d4 Bf8 18. Bxb4 cxb4 19. Qe4 Bb7 20. c5 Qc7 21. Qe3 Ba6
22. Rfd1 Bh6 23. g3 Bg7 24. Ng5 Qe7 25. Ne4 Kh8 26. Nd6 Bf8 27. a3 bxa3 28.
Rxa3 Bb5 29. Nxb5 cxb5 30. Qe4 Qc7 31. Rda1 Rxd4 32. Rxa7 Qxc5 33. Qf3 Rd2 34.
R7a2 Rd5 35. Rd1 Rxd1+ 36. Qxd1 Qc6+ 37. Rg2 Bc5 38. h3 Kg7 39. Qd8 Bf8 40. Qd3
Be7 41. Kh2 h5 42. Rc2 Qb7 43. g4 h4 44. f5 exf5 45. gxf5 Bg5 46. Rf2 Qb6 47.
Kg2 Qb7+ 48. Qf3 Qc7 49. fxg6 Kxg6 50. Qf5+ Kh6 51. Qxf7 Qxe5 52. Qf3 Qg7 53.
Qf8 b4 54. Qxg7+ Kxg7 55. Kf3 Be7 56. Ke4 Kg6 57. Kd5 Kg5 58. Rf7 Bf6 59. Ke4
Bc3 60. Rf5+ Kg6 61. Rb5 Bd2 62. Rc5 Kf6 63. Kd3 Be1 64. Ke2 Bc3 65. Rc4 Kg5
66. Rg4+ Kh5 67. Rg8 Be1 68. Rg5+ Kh6 69. Rg4 Bc3 70. Re4 Be1 71. Rxh4+ Kg7 72.
Rc4 Bc3 1-0

[Event "C.to Regionale Piemonte"]
[Site "Torino ITA"]
[Date "2009.05.01"]
[Round "4"]
[White "Mantovan, Giuseppe"]
[Black "Fassio, Luca"]
[Result "1/2-1/2"]
[WhiteElo "1881"]
[BlackElo "2091"]
[PlyCount "56"]
[EventDate "2009.04.29"]

1. d4 g6 2. c4 Bg7 3. Nc3 d6 4. e4 Nf6 5. f4 O-O 6. Nf3 c5 7. d5 e6 8. Be2 exd5
9. exd5 Bg4 10. O-O Na6 11. a3 Nc7 12. Bd3 Rb8 13. h3 Bd7 14. f5 b5 15. fxg6
fxg6 16. cxb5 Bxb5 17. Bxb5 Nxb5 18. Nxb5 Rxb5 19. Ng5 Nh5 20. Ne6 Rxf1+ 21.
Qxf1 Qb6 22. Qf2 Rb3 23. Nxg7 Nxg7 24. Qf6 Nf5 25. Qe6+ Kg7 26. Qd7+ Kg8 27.
Qe6+ Kg7 28. Qd7+ Kg8 1/2-1/2

[Event "C.to Regionale Piemonte"]
[Site "Torino ITA"]
[Date "2009.05.02"]
[Round "5"]
[White "Faraoni, Enrico"]
[Black "Mantovan, Giuseppe"]
[Result "1/2-1/2"]
[WhiteElo "2085"]
[BlackElo "1881"]
[PlyCount "55"]
[EventDate "2009.04.29"]

1. g4 e5 2. Bg2 d5 3. h3 h5 4. g5 Nc6 5. d3 Be6 6. c3 Nge7 7. b4 Ng6 8. h4 Bd6
9. Nf3 Qd7 10. Nbd2 Nf4 11. Bf1 Ne7 12. Nb3 Nfg6 13. e3 Bg4 14. Be2 Nf5 15. e4
Nfe7 16. a3 Rd8 17. Qc2 b6 18. Be3 Qa4 19. c4 dxe4 20. dxe4 c5 21. b5 a6 22.
Nbd4 Qxc2 23. Nxc2 axb5 24. cxb5 Nf4 25. Bxf4 exf4 26. Nd2 Be5 27. Rd1 Bc3 28.
Bxg4 1/2-1/2

[Event "C.to Regionale Piemonte"]
[Site "Torino ITA"]
[Date "2009.05.02"]
[Round "5"]
[White "Melone, Antonio"]
[Black "Gallucci, Alessio"]
[Result "0-1"]
[WhiteElo "1842"]
[BlackElo "2240"]
[PlyCount "44"]
[EventDate "2009.04.29"]

1. d4 e6 2. c4 Nf6 3. g3 b6 4. Nf3 Ba6 5. b3 Bb4+ 6. Bd2 Be7 7. Nc3 O-O 8. e4
d5 9. Bd3 c5 10. e5 cxd4 11. Ne2 Ne4 12. Bxe4 dxe4 13. Nfxd4 Bb7 14. O-O Nd7
15. Be3 Nxe5 16. Qc2 Bc5 17. Rfd1 Qf6 18. h4 h6 19. Rab1 Rfd8 20. Kg2 Nd3 21.
Rf1 a6 22. Qc3 e5 0-1

[Event "C.to Regionale Piemonte"]
[Site "Torino ITA"]
[Date "2009.05.03"]
[Round "6"]
[White "Banchio, Davide"]
[Black "Faraoni, Enrico"]
[Result "1/2-1/2"]
[WhiteElo "1937"]
[BlackElo "2085"]
[PlyCount "37"]
[EventDate "2009.04.29"]

1. e4 g5 2. d4 h6 3. Nc3 Bg7 4. Bc4 Nc6 5. Nge2 d6 6. Be3 Nf6 7. Qd2 Nxe4 8.
Bxf7+ Kxf7 9. Nxe4 Bf5 10. N4g3 Bg6 11. f4 Qd7 12. fxg5 hxg5 13. O-O+ Kg8 14.
Bxg5 e5 15. dxe5 Nxe5 16. Bf6 Bh6 17. Bg5 Bg7 18. Bf6 Bh6 19. Bg5 1/2-1/2

[Event "C.to Regionale Piemonte"]
[Site "Torino ITA"]
[Date "2009.05.03"]
[Round "6"]
[White "Gallucci, Alessio"]
[Black "Fassio, Luca"]
[Result "1-0"]
[WhiteElo "2240"]
[BlackElo "2091"]
[PlyCount "47"]
[EventDate "2009.04.29"]

1. e4 g6 2. d4 Bg7 3. Nc3 d6 4. Be3 c6 5. Qd2 b5 6. a3 a6 7. Nf3 Nd7 8. h4 h5
9. Bd3 Bb7 10. a4 Ngf6 11. e5 Nh7 12. Bh6 Rg8 13. Bxg7 Rxg7 14. Qh6 Kf8 15.
O-O-O Kg8 16. g4 hxg4 17. Ng5 Ndf8 18. h5 Qe8 19. Nce4 c5 20. exd6 f5 21. Nxc5
Bxh1 22. d7 Qb8 23. Nce6 Rf7 24. d8=Q 1-0

[Event "C.to Regionale Piemonte"]
[Site "Torino ITA"]
[Date "2009.05.03"]
[Round "6"]
[White "Laurenti, Stefano"]
[Black "Longo, Luigi"]
[Result "1-0"]
[WhiteElo "2047"]
[BlackElo "1931"]
[PlyCount "53"]
[EventDate "2009.04.29"]

1. e4 e6 2. d4 d5 3. Nc3 Nf6 4. Bg5 Be7 5. e5 Nfd7 6. Bxe7 Qxe7 7. f4 a6 8. Nf3
O-O 9. Bd3 c5 10. Bxh7+ Kxh7 11. Ng5+ Kg6 12. Qg4 f5 13. Qg3 cxd4 14. Nxe6+ Kf7
15. Ng5+ Ke8 16. Nxd5 Qc5 17. Qb3 Qa5+ 18. Kd1 Nc6 19. Ne6 Ndxe5 20. Nec7+ Kd8
21. fxe5 Rb8 22. Qg3 Ne7 23. Qg5 Rf7 24. Qh4 Qc5 25. b4 Qc6 26. Qh8+ Kd7 27.
Qe8# 1-0

[Event "C.to Regionale Piemonte"]
[Site "Torino ITA"]
[Date "2009.05.03"]
[Round "6"]
[White "Pulito, Alberto"]
[Black "Corgnati, Maurizio"]
[Result "1-0"]
[WhiteElo "2256"]
[BlackElo "2167"]
[PlyCount "113"]
[EventDate "2009.04.29"]

1. e4 e5 2. d4 exd4 3. Qxd4 Nc6 4. Qe3 Nf6 5. Nc3 Bb4 6. Bd2 O-O 7. O-O-O Re8
8. Qg3 Rxe4 9. a3 Bc5 10. f4 d5 11. Bd3 Re8 12. Nh3 Bg4 13. Rde1 Qd7 14. f5 Nd4
15. Bg5 Qd6 16. Bf4 Qc6 17. Qh4 Nxf5 18. Bxf5 Bxf5 19. Be5 d4 20. Bxf6 Qxf6 21.
Qxf6 gxf6 22. Nd5 Kg7 23. Nhf4 Re5 24. Nh5+ Kg6 25. Ndf4+ Kh6 26. g4 Rae8 27.
Ref1 Be4 28. Nxf6 Bxh1 29. Nxe8 Rxe8 30. Rxh1 Bd6 31. Nd3 Re2 32. Rf1 Kg7 33.
h3 Re3 34. Rh1 Kg6 35. Kd2 Rg3 36. Ke2 Rg2+ 37. Kf3 Rxc2 38. Ke4 c5 39. Kd5 Bf8
40. Ne5+ Kg7 41. Rf1 f6 42. Nd3 b6 43. Nf4 Rxb2 44. g5 Rb3 45. Ne6+ Kg8 46.
gxf6 Kf7 47. Ng5+ Kg6 48. Ne6 Bh6 49. f7 Rxh3 50. f8=Q Bxf8 51. Nf4+ Kg5 52.
Nxh3+ Kg4 53. Nf2+ Kh5 54. Ne4 Bh6 55. Rf7 Kg6 56. Rxa7 d3 57. Rb7 1-0

[Event "C.to Regionale Piemonte"]
[Site "Torino ITA"]
[Date "2009.05.03"]
[Round "7"]
[White "Corgnati, Maurizio"]
[Black "Sorcinelli, Francesco"]
[Result "0-1"]
[WhiteElo "2167"]
[BlackElo "2116"]
[PlyCount "66"]
[EventDate "2009.04.29"]

1. e4 c5 2. Ne2 d6 3. g3 Nc6 4. Bg2 Nf6 5. O-O Bg4 6. h3 Bh5 7. g4 Bg6 8. d3 e5
9. Nbc3 Be7 10. f4 exf4 11. Nxf4 O-O 12. Nce2 Nd7 13. Nd5 Bg5 14. Bf4 Bxf4 15.
Nexf4 Nd4 16. c3 Ne6 17. Nxg6 hxg6 18. Rf2 Qh4 19. Qb3 Ne5 20. Rd1 Qg3 21. Qxb7
Ng5 22. Kf1 Nxh3 23. Bxh3 Qxh3+ 24. Ke1 Rab8 25. Qa6 Qh1+ 26. Kd2 Rxb2+ 27. Kc1
Rb1+ 28. Kxb1 Qxd1+ 29. Kb2 Nxd3+ 30. Qxd3 Rb8+ 31. Ka3 Qxd3 32. Ne7+ Kf8 33.
Nxg6+ Ke8 0-1

[Event "C.to Regionale Piemonte"]
[Site "Torino ITA"]
[Date "2009.05.03"]
[Round "7"]
[White "Laurenti, Stefano"]
[Black "Molina, Fabrizio"]
[Result "1/2-1/2"]
[WhiteElo "2047"]
[BlackElo "2240"]
[PlyCount "113"]
[EventDate "2009.04.29"]

1. e4 e6 2. Nc3 d5 3. d4 Nf6 4. Bg5 Be7 5. e5 Nfd7 6. Bxe7 Qxe7 7. f4 a6 8. Nf3
c5 9. Qd2 Nc6 10. h4 f6 11. exf6 Nxf6 12. dxc5 Qxc5 13. Bd3 O-O 14. O-O-O b5
15. h5 b4 16. Ne2 Ng4 17. h6 g6 18. Rh4 Nf2 19. Re1 a5 20. Ne5 Nxe5 21. fxe5
Nxd3+ 22. Qxd3 Qf2 23. Qg3 Qxg3 24. Nxg3 Ba6 25. Rd4 Rf2 26. Rd2 Raf8 27. Red1
R8f4 28. a3 Rxd2 29. Rxd2 Rg4 30. Nh1 Re4 31. Nf2 Rxe5 32. Ng4 bxa3 33. bxa3
Rf5 34. Rd4 Bb5 35. Kd2 Kf7 36. Ke3 Bc6 37. Rf4 Be8 38. c3 g5 39. Ne5+ Kf6 40.
Rxf5+ Kxf5 41. Kd4 Kf4 42. g4 Bb5 43. Ng6+ Kxg4 44. Nf8 Kh5 45. Nxh7 Kxh6 46.
Nf8 g4 47. Nxe6 g3 48. Ke3 g2 49. Kf2 Bc4 50. Nf4 Kg5 51. Nxg2 Kf5 52. Ke3 Ke5
53. Nf4 Bb3 54. Nd3+ Kd6 55. Kd4 Bc2 56. Ne5 a4 57. Nd3 1/2-1/2

[Event "XLI C.to Italiano a squadre Master"]
[Site "Senigallia ITA"]
[Date "2009.04.30"]
[Round "1"]
[White "Aranovitch, Emiliano"]
[Black "Garcia Palermo, Carlos Horacio"]
[Result "0-1"]
[WhiteElo "2376"]
[BlackElo "2484"]
[PlyCount "58"]
[EventDate "2009.04.30"]

1. e4 Nf6 2. Nc3 d5 3. e5 Nfd7 4. f4 d4 5. Ne4 Nb6 6. Nf3 e6 7. g3 Be7 8. Bg2
O-O 9. d3 a5 10. O-O a4 11. a3 Nc6 12. g4 Nd5 13. Kh1 f6 14. exf6 gxf6 15. Qe2
Kh8 16. Bd2 f5 17. gxf5 exf5 18. Neg5 Qd6 19. Qf2 h6 20. Nh3 Bf6 21. Rae1 Ra6
22. Ne5 Nxe5 23. fxe5 Bxe5 24. Bxh6 Qxh6 25. Bxd5 f4 26. Rxe5 Bxh3 27. Qxd4
Raf6 28. Rf2 f3 29. Re4 Qc1+ 0-1

[Event "XLI C.to Italiano a squadre Master"]
[Site "Senigallia ITA"]
[Date "2009.04.30"]
[Round "1"]
[White "Borsari, Marco"]
[Black "Sarno, Spartaco"]
[Result "0-1"]
[WhiteElo "1787"]
[BlackElo "2332"]
[PlyCount "80"]
[EventDate "2009.04.30"]

1. d4 Nf6 2. c4 g6 3. Nc3 Bg7 4. e4 d6 5. Nf3 O-O 6. Be2 e5 7. O-O Nc6 8. d5
Ne7 9. Nd2 a5 10. Rb1 c5 11. dxc6 bxc6 12. a3 d5 13. cxd5 cxd5 14. exd5 Bf5 15.
Ra1 Nexd5 16. Nxd5 Qxd5 17. Nc4 Rfd8 18. Qa4 Qe6 19. Bg5 h6 20. Bd2 Nd5 21.
Rfe1 Nb6 22. Nxb6 Qxb6 23. Bc3 e4 24. Qb5 Qxb5 25. Bxb5 Bxc3 26. bxc3 Rac8 27.
Rac1 Rc5 28. a4 Kg7 29. Kf1 Kf6 30. Re3 Rd2 31. Re2 Rxe2 32. Kxe2 Ke5 33. Ke3
Be6 34. h4 f5 35. g3 g5 36. hxg5 hxg5 37. Kd2 Rd5+ 38. Ke2 f4 39. gxf4+ gxf4
40. Rh1 Bg4+ 0-1

[Event "XLI C.to Italiano a squadre Master"]
[Site "Senigallia ITA"]
[Date "2009.04.30"]
[Round "1"]
[White "Brunello, Sabino"]
[Black "Rombaldoni, Axel"]
[Result "1-0"]
[WhiteElo "2477"]
[BlackElo "2363"]
[PlyCount "65"]
[EventDate "2009.04.30"]

1. d4 d5 2. c4 e6 3. Nf3 c6 4. g3 dxc4 5. Bg2 b5 6. O-O Bb7 7. a4 Nd7 8. Nc3 a6
9. Ne5 Ngf6 10. Bxc6 Bxc6 11. Nxc6 Qc8 12. axb5 axb5 13. Na7 Qb7 14. Ncxb5 Nb6
15. Bf4 Nfd5 16. Be5 f6 17. e4 fxe5 18. exd5 Nxd5 19. Qa4 Qd7 20. Qxc4 exd4 21.
Nxd4 Be7 22. Qc6 Qxc6 23. Naxc6 Kf7 24. Ne5+ Kf6 25. Rae1 Ra6 26. Nec6 Nc7 27.
Re3 Bd6 28. Rfe1 Re8 29. Rf3+ Kg6 30. Re4 e5 31. Nf5 Rxc6 32. Rg4+ Kh5 33. Rxg7
1-0

[Event "XLI C.to Italiano a squadre Master"]
[Site "Senigallia ITA"]
[Date "2009.04.30"]
[Round "1"]
[White "Caposciutti, Maurizio"]
[Black "Ronchetti, Niccolo'"]
[Result "1-0"]
[WhiteElo "2315"]
[BlackElo "2420"]
[PlyCount "95"]
[EventDate "2009.04.30"]

1. Nf3 c5 2. c4 Nf6 3. g3 d5 4. cxd5 Nxd5 5. d4 cxd4 6. Nxd4 e5 7. Nb5 Qa5+ 8.
N1c3 Be6 9. Bg2 Nxc3 10. Nxc3 Nc6 11. Bxc6+ bxc6 12. Qa4 Qxa4 13. Nxa4 Bb4+ 14.
Bd2 Bd5 15. f3 Bxd2+ 16. Kxd2 e4 17. Ke3 exf3 18. exf3 O-O-O 19. Rhd1 Rhe8+ 20.
Kf2 Re6 21. Nc3 Rh6 22. h4 g5 23. Nxd5 cxd5 24. hxg5 Rh2+ 25. Ke3 Rxb2 26.
Rac1+ Kb7 27. Rb1 Rxb1 28. Rxb1+ Kc6 29. Rh1 Rg8 30. f4 Re8+ 31. Kd4 Re4+ 32.
Kd3 Ra4 33. Rxh7 Kc5 34. Rxf7 Ra3+ 35. Ke2 Rxg3 36. Kf2 Rg4 37. Kf3 Rg1 38.
Rxa7 d4 39. Rd7 Kc4 40. Ke4 Re1+ 41. Kf5 d3 42. g6 Kc3 43. g7 Rg1 44. Kf6 d2
45. Kf7 Rg4 46. f5 Rf4 47. f6 Rg4 48. g8=Q 1-0

[Event "XLI C.to Italiano a squadre Master"]
[Site "Senigallia ITA"]
[Date "2009.04.30"]
[Round "1"]
[White "Caprio, Guido"]
[Black "Bonafede, Alessandro"]
[Result "1/2-1/2"]
[WhiteElo "2205"]
[BlackElo "2289"]
[PlyCount "75"]
[EventDate "2009.04.30"]

1. e4 c5 2. Nf3 Nc6 3. d4 cxd4 4. Nxd4 Nf6 5. Nc3 e5 6. Ndb5 d6 7. Bg5 a6 8.
Na3 b5 9. Bxf6 gxf6 10. Nd5 Bg7 11. c3 f5 12. exf5 Bxf5 13. Nc2 Be6 14. g3 O-O
15. Bg2 a5 16. O-O Rb8 17. Qe2 Qd7 18. Rad1 f5 19. Rd2 Rfd8 20. Rfd1 e4 21. f3
exf3 22. Qxf3 Ne5 23. Qh5 Qa7+ 24. Kh1 b4 25. Nd4 Bf7 26. Qxf5 Bg6 27. Qe6+ Kh8
28. Ne7 Bf7 29. Ndc6 Bxe6 30. Nxa7 Bh6 31. Rd4 Be3 32. Nac6 Nxc6 33. Nxc6 Bxd4
34. cxd4 Bxa2 35. Ra1 b3 36. Nxd8 Rxd8 37. Bc6 d5 38. Re1 1/2-1/2

[Event "XLI C.to Italiano a squadre Master"]
[Site "Senigallia ITA"]
[Date "2009.04.30"]
[Round "1"]
[White "Collutiis, Duilio"]
[Black "Iotti, Pierluigi"]
[Result "1-0"]
[WhiteElo "2451"]
[BlackElo "2300"]
[PlyCount "107"]
[EventDate "2009.04.30"]

1. Nf3 Nf6 2. g3 b6 3. Bg2 Bb7 4. O-O e6 5. d3 Be7 6. Nbd2 c5 7. e4 d5 8. Re1
dxe4 9. Ng5 Nbd7 10. dxe4 Ne5 11. Ngf3 Nxf3+ 12. Qxf3 O-O 13. Qe2 e5 14. a4 a6
15. Nc4 Re8 16. Bg5 Qc7 17. Ne3 Rad8 18. Nf5 h6 19. Bxf6 Bxf6 20. Qf3 Kh7 21.
Bf1 c4 22. b3 b5 23. axb5 axb5 24. bxc4 bxc4 25. Ra4 c3 26. Rc4 Qa5 27. Rb1 Ba8
28. Rcb4 Bg5 29. Bc4 Rf8 30. h4 Bd2 31. Ne7 Qc5 32. Nd5 f5 33. Bd3 Bxd5 34.
exd5 e4 35. Rxe4 Qxd5 36. Qe2 Rf6 37. Re7 Rd7 38. Re8 Rd8 39. Re5 Qf7 40. Re7
Qg6 41. Rbb7 Rg8 42. Bc4 Rff8 43. Bxg8+ Rxg8 44. Re6 Qg4 45. Qxg4 fxg4 46. Kf1
h5 47. Rb5 g6 48. Rb7+ Kh6 49. Ree7 Rh8 50. Ke2 Bc1 51. Kd3 Bb2 52. Rf7 Rd8+
53. Rfd7 Rh8 54. Ra7 1-0

[Event "XLI C.to Italiano a squadre Master"]
[Site "Senigallia ITA"]
[Date "2009.04.30"]
[Round "1"]
[White "Costantini, Roberto"]
[Black "Hautala, Roman"]
[Result "1-0"]
[WhiteElo "2304"]
[BlackElo "2239"]
[PlyCount "87"]
[EventDate "2009.04.30"]

1. e4 Nf6 2. e5 Nd5 3. d4 d6 4. Nf3 Bg4 5. Be2 e6 6. h3 Bh5 7. c4 Nb6 8. Be3
Be7 9. O-O O-O 10. exd6 cxd6 11. Nbd2 Nc6 12. Qb3 Rc8 13. Rac1 Rc7 14. d5 exd5
15. cxd5 Ne5 16. g4 Nxf3+ 17. Bxf3 Bg6 18. a4 Rxc1 19. Rxc1 Bg5 20. a5 Nd7 21.
Bxg5 Qxg5 22. Qe3 Qd8 23. b4 b6 24. axb6 Nxb6 25. Rc6 Qf6 26. Rc7 Qa1+ 27. Kg2
Qa2 28. Qd4 h6 29. h4 Rd8 30. h5 Bc2 31. Nf1 Rd7 32. Rc6 Bb1 33. Ne3 Qb3 34.
Qf4 Bd3 35. Rxd6 Rxd6 36. Qxd6 Nc4 37. Nxc4 Qxc4 38. Qe7 f5 39. Qe8+ Kh7 40.
Qg6+ Kg8 41. d6 Be4 42. Qe8+ Kh7 43. Bxe4 fxe4 44. d7 1-0

[Event "XLI C.to Italiano a squadre Master"]
[Site "Senigallia ITA"]
[Date "2009.04.30"]
[Round "1"]
[White "Della Corte, Alessandro"]
[Black "Ramondino, Renzo"]
[Result "0-1"]
[WhiteElo "2238"]
[BlackElo "2259"]
[PlyCount "82"]
[EventDate "2009.04.30"]

1. b3 e5 2. Bb2 d6 3. d4 exd4 4. Qxd4 Nc6 5. Qd2 Nf6 6. Nc3 d5 7. e3 Be7 8.
O-O-O Be6 9. Nf3 O-O 10. Kb1 a5 11. Bb5 Nb4 12. Nd4 c6 13. Be2 Bd7 14. g4 a4
15. Nf5 Bxf5 16. gxf5 axb3 17. cxb3 Qa5 18. a3 Na6 19. Na2 Qxd2 20. Rxd2 Nc5
21. b4 Nce4 22. Rc2 Nxf2 23. Rg1 N6e4 24. Nc3 Nxc3+ 25. Rxc3 Ne4 26. Rd3 Bf6
27. Bf3 Bxb2 28. Kxb2 Nd6 29. f6 g6 30. e4 Nc4+ 31. Ka2 Ne5 32. Rb3 Nxf3 33.
Rxf3 dxe4 34. Rf4 Rfd8 35. Rxe4 Rd2+ 36. Kb3 Rf2 37. Re7 b5 38. Rc7 Rxf6 39.
Rc1 Rf3+ 40. Kb2 Raxa3 41. R1xc6 Rab3+ 0-1

[Event "XLI C.to Italiano a squadre Master"]
[Site "Senigallia ITA"]
[Date "2009.04.30"]
[Round "1"]
[White "Delorme, Axel"]
[Black "Bellini, Fabio"]
[Result "1-0"]
[WhiteElo "2394"]
[BlackElo "2486"]
[PlyCount "61"]
[EventDate "2009.04.30"]

1. e4 g6 2. d4 Bg7 3. Nc3 c6 4. f4 d5 5. e5 Nh6 6. Be3 Ng4 7. Qd2 O-O 8. Nf3 f6
9. Bg1 fxe5 10. dxe5 Qa5 11. h3 Nh6 12. O-O-O e6 13. Kb1 Nd7 14. Ng5 Re8 15. g4
b5 16. h4 Nb6 17. Bc5 Rb8 18. Qd4 Nd7 19. Bd6 c5 20. Qg1 Rb6 21. Bc7 b4 22. Nb5
Ba6 23. Nd6 Re7 24. Bd8 Bf8 25. h5 Rg7 26. Nxe6 c4 27. Nxg7 Bxg7 28. hxg6 hxg6
29. Bg2 b3 30. Bxd5+ Kf8 31. cxb3 1-0